Database Systems Desgin Implementation And Management (Record no. 305613)
[ view plain ]
| 000 -LEADER | |
|---|---|
| fixed length control field | 00443nam a2200169Ia 4500 |
| 008 - FIXED-LENGTH DATA ELEMENTS--GENERAL INFORMATION | |
| fixed length control field | 230718s9999 xx 000 0 und d |
| 041 ## - LANGUAGE CODE | |
| Language code of text/sound track or separate title | eng |
| 082 ## - DEWEY DECIMAL CLASSIFICATION NUMBER | |
| Classification number | 005.74 |
| Item number | ROB |
| 100 ## - MAIN ENTRY--PERSONAL NAME | |
| Personal name | Rob P. |
| 245 ## - TITLE STATEMENT | |
| Title | Database Systems Desgin Implementation And Management |
| 250 ## - EDITION STATEMENT | |
| Edition statement | 4th ed. |
| 260 ## - PUBLICATION, DISTRIBUTION, ETC. (IMPRINT) | |
| Date of publication, distribution, etc. | 2001 |
| Name of publisher, distributor, etc. | Thomson Publication |
| 300 ## - PHYSICAL DESCRIPTION | |
| Extent | 750 |
| 365 ## - TRADE PRICE | |
| Currency code | Rs. |
| Price amount | 437.00 |
| 700 ## - ADDED ENTRY--PERSONAL NAME | |
| Personal name | Rob P.& Coronel C. |
| 906 ## - LOCAL DATA ELEMENT F, LDF (RLIN) | |
| d | B:13-Jul-2004 |
| c | COMP |
| b | 65.55 |
| Withdrawn status | Lost status | Damaged status | Not for loan | Home library | Current library | Date acquired | Vendor | Budget Code | Cost, normal purchase price | Total Checkouts | Full call number | Barcode | Date last seen | Discount | Cost, replacement price | Bill Date | Koha item type | Original Barcode |
|---|---|---|---|---|---|---|---|---|---|---|---|---|---|---|---|---|---|---|
| Cummins College of Engineering for Women Pune | Cummins College of Engineering for Women Pune | 04/08/2003 | Varma Book Distributors | COMP | 371.45 | 005.74 | CCEP-BK-16820 | 18/07/2023 | 65.55 | 437.00 | 13/07/2004 | Books | 016820 |